Not a penny more, not a penny less

Salvato in:
Dettagli Bibliografici
Autore principale: Archer, Jeffrey (Autore)
Natura: Libro
Lingua:inglese
Pubblicazione: Londres Coronet Books 1978
Soggetti:
Tags: Aggiungi Tag
Nessun Tag, puoi essere il primo ad aggiungerne!!

MARC

LEADER 00000cam a2200000 a 4500
001 UCF5346
003 CL-VaPUC
008 130307e19780000UK |||||||||||||||||eng|d
020 |a 0340255730 
082 0 4 |a 813  |b ARC  |2 21 
100 0 |a Archer, Jeffrey  |e author  |9 567181 
245 1 0 |a Not a penny more, not a penny less 
300 |a 255 p 
942 |c BK 
945 |d 20130307 00:00:00  |a dcastane 
260 |a Londres  |b Coronet Books  |c 1978 
650 0 |a Novelas estadounidenses  |9 265217 
650 0 |a Literatura estadounidense  |9 317168 
650 7 |a CONSPIRACIONES  |2 CL-VaPUC  |9 477347 
583 |a last modification  |c 20130307 11:37:00  |k Rodrigo Vera 
999 |c 350895  |d 350893 
952 |0 0  |1 0  |4 0  |6 813_000000000000000_ARC_1978  |7 0  |8 A  |9 454632  |a BIBEDU  |b BIBEDU  |d 2019-11-22  |i 4948513  |o 813 ARC 1978  |p 4948513  |r 2019-11-22  |w 2019-11-22  |y BK  |k LIT